00403nam a2200157Ia 4500001000500000005001700005008004100022041000800063082001800071100003100089245007100120260000900191300002900200650000800229654000800237424820260306145742.0260306t2005||||xx |||||||||||||| ||spa|| aESP a320.0985bF43 aFerrero Costa, RaúleAUT 0aLa consolidación democrática:bescritos y estudios (2001-2005) c2005 a1097 páginas :c24 cm. aGEN aCDE